| 000 | 00531nam a22001697a 4500 | ||
|---|---|---|---|
| 003 | PILC | ||
| 005 | 20191118103313.0 | ||
| 008 | 160602b xxu||||| |||| 00| 0 eng d | ||
| 020 | _a9780128002070 | ||
| 050 |
_aQA 76.9.A25 _b.T137 2015 |
||
| 100 | _aTalabis, Mark Ryan M. | ||
| 245 |
_aInformation security analytics : _bfinding security insights, patterns and anomalies in big data / |
||
| 260 |
_aUSA : _bElsevier, _c2015. |
||
| 300 |
_axv, 166 pages : _billustrations ; _c23 cm. |
||
| 500 | _aIncludes index. | ||
| 942 |
_2lcc _cBK |
||
| 999 |
_c295582 _d295582 |
||